00781nam a22001937a 450000500170000000800410001702000150005805000240007310000270009724501100012425000110023426000690024530000340031450400520034865000550040065000530045565000460050870000330055420181015120019.0181015b mx ||||| |||| 00| 0 spa d a968878242404aQK98.4.M6bM66 20061 aMonroy Ortiz, Columba.14aLas plantas, compañeras de siempreb: la experiencia en Morelosc/ Columba Monroy Ortiz, Rafael Monroy. a1a ed. aMéxico :bUniversidad Autónoma del Estado de Morelos,c2006. aviii, 582 p. :bil. ;c22 cm. aBibliografía : p. 525-555 incluye apéndice. 72lembaPlantas útileszMéxicozMorelos (Estado) 72lembaEtnobotánicazMéxicozMorelos (Estado) 72lembaPlantaszMéxicozMorelos (Estado)1 aMonroy Ortiz, Rafael,eautor